Statistics for Nevada General Knowledge

Click here to take the quiz!

General Stats

  • This quiz has been taken 19 times
  • The average score is 5 of 15

Answer Stats

HintAnswer% Correct
Major city famed for its vibrant nightlife and casinosLas Vegas
93%
Major city known as “The Biggest Little City in the World”Reno
93%
Major dam in the Black Canyon of the Colorado RiverHoover Dam
86%
Capital city 30 minutes away from RenoCarson City
86%
Nickname: ______ StateSilver
71%
Major suburb of Las VegasHenderson
50%
Las Vegas' NHL teamGolden Knights
43%
Museum featuring signs from old casinos in above cityNeon Museum
7%
Entertainment and gaming strip in downtown Las VegasFremont Street
7%
Another nickname: ______ _____ StateBattle Born
7%
National park on the Nevada-Utah borderGreat Basin
0%
National Conservation Area in Nevada’s Mojave Desert.Red Rock Canyon
0%
State park and nature preservation near OvertonValley of Fire
0%
Major mountain peak in Clark County Mount Charleston
0%
550-foot tall Ferris wheel on the Las Vegas StripHigh Roller
0%

Score Distribution

Percentile by Number Answered

Percent of People with Each Score

Your Score History

You have not taken this quiz